000 00306nam a22001337a 4500
008 170929b xxu||||| |||| 00| 0 eng d
020 _a9780132208123
041 _aeng
080 _a37
100 _a47
101 _aEDU
245 _aREADING SKILLS FOR COLLEGE STUDENTS
_cHANCOCK, O.H
942 _2udc
_cBK
999 _c30725
_d30725